| 000 | 00487nam a2200181Ia 4500 | ||
|---|---|---|---|
| 008 | 230917s9999||||xx |||||||||||||| ||und|| | ||
| 020 | _cGBP32.99 | ||
| 040 |
_e233655 _aMAIN |
||
| 041 | _aEnglish | ||
| 082 | _a647.94 A79P(2) | ||
| 100 | _aAltinay, Levent | ||
| 245 | 0 | _aPlanning research in hospitality and tourism | |
| 250 | _a2nd ed. | ||
| 260 |
_aNew York _bRoutledge _c2016 |
||
| 300 | _a331 p. | ||
| 500 | _a2345 29/07/2016 APD16/1037521 08/08/2016 Main Budget | ||
| 942 | _cBK | ||
| 999 |
_c18810 _d18810 |
||